| 000 | 00542nam a2200181 a 4500 | ||
|---|---|---|---|
| 005 | 20140412111413.0 | ||
| 008 | 070716s19uu xx 00 eng d | ||
| 020 | _a81-7649886-6 | ||
| 050 |
_aTR(GS 160.21 _bB74 2004 |
||
| 100 | _aBredthauer, Vanessa | ||
| 245 |
_aMore thinking activities / _cVanessa Bredthauer. |
||
| 260 |
_aCalifornia : _bEvan Moore corporation, _c2004. |
||
| 300 | _a192 | ||
| 440 | _aViva education | ||
| 650 | _aCritical thinking--Activities | ||
| 650 | _aLogical thinking-- Juvenile literaure | ||
| 999 |
_c105742 _d105742 |
||